[Event "Oebro CXU International 2023"]
[Site "Copenhagen"]
[Date "2023.07.27"]
[Round "5.2"]
[White "Hamitevici, Vladimir"]
[Black "Haubro, Martin"]
[Result "1/2-1/2"]
[WhiteElo "2494"]
[BlackElo "2386"]
[PlyCount "142"]
[EventDate "2023.07.24"]
[EventType "swiss"]
[EventRounds "9"]
[EventCountry "DEN"]
[SourceTitle "Live v. Obro Skakforenin"]

1. e4 e5 2. Nf3 Nc6 3. Be2 Nf6 4. d3 d5 5. Nbd2 Be7 6. O-O O-O 7. c3 a5 8. b3
Be6 9. Re1 Nd7 10. exd5 Bxd5 11. Bf1 f6 12. Ne4 Nc5 13. Ng3 Qd7 14. d4 exd4 15.
Nxd4 Rfe8 16. Bb5 Bf8 17. Be3 Red8 18. c4 Be6 19. Bxc6 bxc6 20. Qc2 Bf7 21. f4
Ne6 22. Nf3 Qd3 23. Qf2 Bb4 24. f5 Nf8 25. Rf1 Bc3 26. Rab1 Rd7 27. Rfc1 Re8
28. Bc5 h5 29. h4 Rdd8 30. Kh2 Bb4 31. Bxb4 axb4 32. Rb2 Qe3 33. Qxe3 Rxe3 34.
Re1 Rxe1 35. Nxe1 Rd1 36. Nc2 c5 37. Ne3 Rd4 38. Kh3 Nd7 39. Ngf1 Ne5 40. Rd2
Kf8 41. Nc2 Rd3+ 42. Rxd3 Nxd3 43. Kg3 Be8 44. Kf3 Bc6+ 45. Ke3 Nc1 46. Ne1
Nxa2 47. Nd3 Bxg2 48. Ng3 Bh3 49. Nxc5 Kf7 50. Kd2 g6 51. fxg6+ Kxg6 52. Na6 c6
53. Ne2 Bc8 54. Nc5 Kf5 55. Nd4+ Kg4 56. Nxc6 Kxh4 57. Ne4 Bb7 58. Nxb4 Bxe4
59. Nxa2 Kg4 60. Nc3 Bf3 61. Nd1 h4 62. Ne3+ Kf4 63. Nf1 h3 64. b4 Bh5 65. b5
Be8 66. Ke2 Bf7 67. Kd3 Be8 68. Ke2 Bd7 69. Kf2 Ke4 70. Ng3+ Kd4 71. Nh5 Kxc4
1/2-1/2

[Event "Oebro CXU International 2023"]
[Site "Copenhagen"]
[Date "2023.07.27"]
[Round "5.3"]
[White "Holm, Kristian Stuvik"]
[Black "Ingebretsen, Jens E"]
[Result "1/2-1/2"]
[WhiteElo "2480"]
[BlackElo "2342"]
[PlyCount "61"]
[EventDate "2023.07.24"]
[EventType "swiss"]
[EventRounds "9"]
[EventCountry "DEN"]
[SourceTitle "Live v. Obro Skakforenin"]

1. e4 c5 2. Nf3 e6 3. d4 cxd4 4. Nxd4 Nc6 5. Bf4 d6 6. Bb5 Bd7 7. Nxc6 bxc6 8.
Bd3 e5 9. Be3 Nf6 10. c4 d5 11. exd5 cxd5 12. O-O Be7 13. Bg5 dxc4 14. Bxc4 O-O
15. Nc3 Ng4 16. Bxe7 Qxe7 17. Nd5 Qg5 18. h3 Nh6 19. Nf6+ Qxf6 20. Qxd7 Rfd8
21. Qb7 Nf5 22. Rad1 Nd6 23. Qa6 Nxc4 24. Qxc4 Rd4 25. Rxd4 exd4 26. Rd1 Rd8
27. b4 Qd6 28. Rd3 h5 29. Qc5 Qxc5 30. bxc5 Rc8 31. Rxd4 1/2-1/2

[Event "Oebro CXU International 2023"]
[Site "Copenhagen"]
[Date "2023.07.27"]
[Round "5.4"]
[White "Hansen, Soren Bech"]
[Black "Chatalbashev, Boris"]
[Result "0-1"]
[WhiteElo "2208"]
[BlackElo "2493"]
[PlyCount "78"]
[EventDate "2023.07.24"]
[EventType "swiss"]
[EventRounds "9"]
[EventCountry "DEN"]
[SourceTitle "Live v. Obro Skakforenin"]

1. e4 g6 2. d4 Bg7 3. Nf3 d6 4. Bd3 Nf6 5. O-O O-O 6. c3 Nbd7 7. Nbd2 e5 8. Qc2
b6 9. a4 a6 10. dxe5 dxe5 11. b4 Bb7 12. Ba3 Re8 13. Nb3 Bf8 14. Rfd1 a5 15.
bxa5 Bxa3 16. Rxa3 bxa5 17. Raa1 Qe7 18. Nfd2 Nb6 19. Bb5 Red8 20. f3 Nh5 21.
Nf1 Rxd1 22. Qxd1 c6 23. Be2 c5 24. Nbd2 c4 25. Qe1 Ba6 26. g3 Qc5+ 27. Qf2 Qc6
28. Ne3 Rd8 29. Bf1 Nf6 30. Kg2 Nfd7 31. h4 Nc5 32. Ndxc4 Nxc4 33. Nxc4 Nb3 34.
Nxe5 Qxc3 35. Bxa6 Rd2 36. Be2 Qxa1 37. Nc4 Ra2 38. Qe3 Nd4 39. Nd2 Qe1 0-1

[Event "Oebro CXU International 2023"]
[Site "Copenhagen"]
[Date "2023.07.27"]
[Round "5.5"]
[White "Hector, Jonny"]
[Black "Storme, Isak"]
[Result "1/2-1/2"]
[WhiteElo "2481"]
[BlackElo "2448"]
[PlyCount "192"]
[EventDate "2023.07.24"]
[EventType "swiss"]
[EventRounds "9"]
[EventCountry "DEN"]
[SourceTitle "Live v. Obro Skakforenin"]

1. e4 e5 2. Nf3 Nc6 3. Bc4 Bc5 4. O-O Nf6 5. d4 Bxd4 6. Nxd4 Nxd4 7. Bg5 d6 8.
f4 Ne6 9. fxe5 dxe5 10. Qxd8+ Kxd8 11. Bxf6+ gxf6 12. Nc3 c6 13. Rxf6 Ke7 14.
Raf1 Rf8 15. Rh6 b5 16. Bd3 Bd7 17. Rxh7 Nf4 18. Ne2 Nxd3 19. cxd3 Be6 20. Nc1
a5 21. Rh5 Kd6 22. Kf2 b4 23. Ke3 c5 24. Rh6 a4 25. Rf2 Rac8 26. h3 Ke7 27. Rc2
Rfd8 28. b3 axb3 29. Nxb3 c4 30. dxc4 Bxc4 31. Na5 Bb5 32. Rxc8 Rxc8 33. Rb6
Rc3+ 34. Kf2 Rc2+ 35. Kg1 Bd7 36. Rxb4 Rxa2 37. Nc4 Ra4 38. Rxa4 Bxa4 39. Kf2
f6 40. g4 Kf7 41. Ne3 Kg6 42. h4 Bb3 43. Nf5 Ba2 44. Kg3 Bb3 45. Ne3 Ba2 46.
Kf3 Bb1 47. Nd5 Bc2 48. Ne7+ Kf7 49. Nf5 Kg6 50. Nd6 Bd1+ 51. Kg3 Bb3 52. Kf2
Be6 53. Kg3 Bb3 54. Nb5 Bc2 55. Nc3 Bb3 56. Kf3 Bc4 57. Ne2 Bb3 58. h5+ Kg5 59.
Ng1 Bd1+ 60. Kg3 Bc2 61. Nh3+ Kh6 62. Nf2 Kg5 63. Kf3 Bb3 64. Nd3 Be6 65. Kg3
Bb3 66. Ne1 Bd1 67. Nf3+ Kh6 68. Kf2 Bb3 69. Nd2 Bd1 70. Kg3 Kg5 71. Nc4 Bb3
72. Nd6 Be6 73. Nb7 Bb3 74. Nc5 Bc4 75. Kf3 Bf7 76. Kg3 Bc4 77. Nd7 Bd3 78. Kf3
Bb1 79. Nf8 Kh6 80. Ne6 Ba2 81. Nc5 Kg5 82. Kg3 Bc4 83. Nd7 Bd3 84. Kf3 Bb1 85.
Nf8 Kh6 86. Ng6 Kg5 87. Ne7 Ba2 88. Nd5 Bb3 89. Ne3 Be6 90. Nf5 Bb3 91. h6 Kg6
92. Kg3 Bc2 93. Kf3 Bb3 94. Kg3 Bc2 95. Kf3 Bb3 96. Kg3 Bc2 1/2-1/2

[Event "Oebro CXU International 2023"]
[Site "Copenhagen"]
[Date "2023.07.27"]
[Round "5.6"]
[White "Nielsen, Viktor Haarmark"]
[Black "Carlsson, Ludvig"]
[Result "0-1"]
[WhiteElo "2345"]
[BlackElo "2373"]
[PlyCount "100"]
[EventDate "2023.07.24"]
[EventType "swiss"]
[EventRounds "9"]
[EventCountry "DEN"]
[SourceTitle "Live v. Obro Skakforenin"]

1. e4 e5 2. Nf3 Nc6 3. Bb5 Nf6 4. d3 d6 5. c3 g6 6. O-O Bg7 7. d4 O-O 8. Re1
Bd7 9. d5 Ne7 10. Bxd7 Nxd7 11. c4 h6 12. b4 f5 13. Nc3 Nf6 14. Nd2 a5 15. bxa5
Rxa5 16. a4 c6 17. Nb3 Ra6 18. c5 fxe4 19. dxc6 Rxc6 20. cxd6 Rxd6 21. Qe2 Rd3
22. Bd2 Ned5 23. Rac1 Nxc3 24. Rxc3 Qd5 25. Rec1 Nh5 26. g3 Nf4 27. gxf4 exf4
28. Rxd3 exd3 29. Qg4 Qxb3 30. Qxg6 Kh8 31. h3 Qd5 32. Kh2 Qd4 33. Bc3 Qxf2+
34. Kh1 Qf3+ 35. Kh2 Qg3+ 36. Qxg3 fxg3+ 37. Kxg3 Bxc3 38. Rxc3 Rd8 39. Rc1 d2
40. Rd1 Kg7 41. Kf3 Kg6 42. Ke3 Kg5 43. Rxd2 Rxd2 44. Kxd2 Kh4 45. Ke3 Kxh3 46.
Kf3 b6 47. Kf4 h5 48. Kf3 h4 49. Kf2 Kg4 50. Kg2 Kf4 0-1

[Event "Oebro CXU International 2023"]
[Site "Copenhagen"]
[Date "2023.07.27"]
[Round "5.8"]
[White "Loftgaard, Mikkel Vinh"]
[Black "Hacker, Jonas"]
[Result "1/2-1/2"]
[WhiteElo "2229"]
[BlackElo "2406"]
[PlyCount "67"]
[EventDate "2023.07.24"]
[EventType "swiss"]
[EventRounds "9"]
[EventCountry "DEN"]
[SourceTitle "Live v. Obro Skakforenin"]

1. e4 c5 2. Nf3 e6 3. c3 Nf6 4. e5 Nd5 5. d4 cxd4 6. cxd4 d6 7. Bc4 Be7 8. O-O
O-O 9. Qe2 b6 10. Nc3 Nxc3 11. bxc3 Bb7 12. Bf4 Nc6 13. Rfd1 dxe5 14. dxe5 Qc7
15. Bd3 Rfd8 16. Rd2 Na5 17. Rad1 Bxf3 18. Qxf3 g6 19. g3 Rac8 20. Bb5 Rxd2 21.
Rxd2 Rd8 22. Rxd8+ Qxd8 23. Be3 Kg7 24. h4 h5 25. Qf4 Kg8 26. Kh2 Qc7 27. Qe4
Qb7 28. Qf4 Qc7 29. Qe4 Qb7 30. Qf4 Qc8 31. Qf3 Kg7 32. Kg1 Qb7 33. Qf4 Kg8 34.
Kh2 1/2-1/2

[Event "Oebro CXU International 2023"]
[Site "Copenhagen"]
[Date "2023.07.27"]
[Round "5.9"]
[White "Brynell, Stellan"]
[Black "Brattgjerd, Isak Vinh"]
[Result "1-0"]
[WhiteElo "2397"]
[BlackElo "2185"]
[PlyCount "83"]
[EventDate "2023.07.24"]
[EventType "swiss"]
[EventRounds "9"]
[EventCountry "DEN"]
[SourceTitle "Live v. Obro Skakforenin"]

1. d4 f5 2. g3 Nf6 3. Bg2 e6 4. Nf3 Be7 5. O-O O-O 6. c4 Ne4 7. Nc3 d6 8. Nxe4
fxe4 9. Ne1 d5 10. Be3 Nd7 11. Qc2 c6 12. f3 Bg5 13. Qd2 Bxe3+ 14. Qxe3 dxc4
15. f4 Nf6 16. Bxe4 Nxe4 17. Qxe4 Qd5 18. Qe3 b6 19. Nf3 Bb7 20. Rfd1 Rad8 21.
Rac1 Rfe8 22. Rd2 h6 23. Rdc2 Ba6 24. Kf2 Rc8 25. Qa3 Bb5 26. Qxa7 Qd8 27. Ne5
Re7 28. Qa3 Ra8 29. Qe3 Rxa2 30. Nxc4 Bxc4 31. Rxc4 Rxb2 32. Rxc6 Qd5 33. Qe5
Rd7 34. Qxe6+ Qxe6 35. Rxe6 Rxd4 36. Rc7 Rdd2 37. Re8+ Kh7 38. Ree7 Kh8 39. f5
Rd5 40. g4 Rd4 41. Re8+ Kh7 42. Rcc8 1-0

[Event "Oebro CXU International 2023"]
[Site "Copenhagen"]
[Date "2023.07.27"]
[Round "5.10"]
[White "Hagen, Andreas Skytte"]
[Black "Steffens, Olaf"]
[Result "1-0"]
[WhiteElo "2348"]
[BlackElo "2108"]
[PlyCount "55"]
[EventDate "2023.07.24"]
[EventType "swiss"]
[EventRounds "9"]
[EventCountry "DEN"]
[SourceTitle "Live v. Obro Skakforenin"]

1. e4 Nf6 2. e5 Nd5 3. d4 d6 4. Nf3 dxe5 5. Nxe5 c6 6. Be2 Bf5 7. O-O Nd7 8.
Nf3 e6 9. a3 Bd6 10. Re1 O-O 11. c4 N5f6 12. Bf1 Qc7 13. Nc3 e5 14. c5 Be7 15.
h3 Rad8 16. Bd2 e4 17. Ng5 Rfe8 18. Bc4 Bg6 19. Qb3 Nxc5 20. dxc5 Rxd2 21.
Bxf7+ Kh8 22. Bxe8 Qf4 23. Ncxe4 Nxe4 24. Nxe4 Bxe4 25. Qe3 Qf5 26. Qxd2 Bxc5
27. Rxe4 Qxe4 28. Bxc6 1-0

[Event "Oebro CXU International 2023"]
[Site "Copenhagen"]
[Date "2023.07.27"]
[Round "6.1"]
[White "Haubro, Martin"]
[Black "Sriram, Jha"]
[Result "1-0"]
[WhiteElo "2386"]
[BlackElo "2315"]
[PlyCount "121"]
[EventDate "2023.07.24"]
[EventType "swiss"]
[EventRounds "9"]
[EventCountry "DEN"]
[SourceTitle "Live v. Obro Skakforenin"]

1. e4 e5 2. Nf3 Nc6 3. Bb5 a6 4. Ba4 Nf6 5. O-O Be7 6. Re1 b5 7. Bb3 d6 8. c3
O-O 9. h3 Nb8 10. d4 Nbd7 11. Nbd2 Bb7 12. Bc2 Re8 13. Nf1 Bf8 14. Ng3 g6 15.
Bd2 Bg7 16. Qc1 d5 17. Bg5 Qc8 18. dxe5 Nxe4 19. Nxe4 dxe4 20. Bxe4 Nxe5 21.
Qf4 Bxe4 22. Rxe4 Nxf3+ 23. Qxf3 Rxe4 24. Qxe4 Qe8 25. Qb7 h6 26. Be3 c6 27.
Rd1 Qc8 28. Rd7 Qxb7 29. Rxb7 Rd8 30. Ra7 Rd1+ 31. Kh2 Rb1 32. b3 Bxc3 33. Rxa6
Be5+ 34. g3 h5 35. Kg2 Rb2 36. Rxc6 b4 37. Rc4 Bc3 38. Bc5 Rxa2 39. Bxb4 Bxb4
40. Rxb4 Rb2 41. g4 hxg4 42. hxg4 g5 43. Kf3 Kg7 44. Ke3 Rb1 45. Rb5 Kf6 46. f3
Ke6 47. Kd4 f6 48. Kc4 Rc1+ 49. Kb4 Rc8 50. Rc5 Rb8+ 51. Kc4 Ra8 52. b4 Kd6 53.
Rf5 Rc8+ 54. Kd4 Ke6 55. b5 Rc1 56. b6 Rb1 57. Kc5 Rc1+ 58. Kb5 Rc3 59. b7 Kd7
60. Kb6 Rb3+ 61. Rb5 1-0

[Event "Oebro CXU International 2023"]
[Site "Copenhagen"]
[Date "2023.07.27"]
[Round "6.2"]
[White "Kistrup, Nicolai"]
[Black "Hamitevici, Vladimir"]
[Result "0-1"]
[WhiteElo "2339"]
[BlackElo "2494"]
[PlyCount "102"]
[EventDate "2023.07.24"]
[EventType "swiss"]
[EventRounds "9"]
[EventCountry "DEN"]
[SourceTitle "Live v. Obro Skakforenin"]

1. d4 d5 2. c4 e6 3. Nf3 a6 4. g3 dxc4 5. Bg2 Nc6 6. e3 Bd7 7. O-O Nf6 8. Qe2
b5 9. b3 cxb3 10. axb3 Be7 11. Ba3 O-O 12. Rc1 Nd5 13. Bc5 a5 14. Ne1 Bxc5 15.
Rxc5 Ncb4 16. e4 Ne7 17. Na3 c6 18. Nac2 Na6 19. Rh5 Qb6 20. Nd3 Rfd8 21. e5
Nf5 22. Be4 Be8 23. Qg4 h6 24. Rd1 Qc7 25. Ne3 Rxd4 26. Rxf5 Rxe4 27. Qxe4 exf5
28. Nxf5 Bd7 29. Nf4 Nc5 30. Ne7+ Kf8 31. Qd4 Be8 32. Neg6+ fxg6 33. Qxc5+ Qe7
34. Ne6+ Kf7 35. Rd6 Kg8 36. Nd4 a4 37. bxa4 bxa4 38. Nxc6 Qf8 39. e6 Kh7 40.
e7 Qf3 41. Nd4 Qe4 42. Ne6 a3 43. Nf8+ Kh8 44. Rd4 Qe1+ 45. Kg2 a2 46. Rd8 Qe4+
47. f3 a1=Q 48. fxe4 Ra2+ 49. Kf3 Qf1+ 50. Kg4 h5+ 51. Kg5 Qf6# 0-1

[Event "Oebro CXU International 2023"]
[Site "Copenhagen"]
[Date "2023.07.27"]
[Round "6.3"]
[White "Chatalbashev, Boris"]
[Black "Holm, Kristian Stuvik"]
[Result "0-1"]
[WhiteElo "2493"]
[BlackElo "2480"]
[PlyCount "102"]
[EventDate "2023.07.24"]
[EventType "swiss"]
[EventRounds "9"]
[EventCountry "DEN"]
[SourceTitle "Live v. Obro Skakforenin"]

1. d4 d5 2. c4 e6 3. Nc3 c5 4. cxd5 exd5 5. Nf3 Nc6 6. g3 Nf6 7. Bg2 cxd4 8.
Nxd4 Bc5 9. Nxc6 bxc6 10. O-O O-O 11. Na4 Bb6 12. Qc2 Ba6 13. Nxb6 Qxb6 14. a4
Rfe8 15. a5 Qb7 16. Be3 Bc4 17. Rfc1 Rab8 18. b3 Bb5 19. Re1 Ne4 20. Bd4 Rbc8
21. b4 a6 22. f3 Ng5 23. Bb6 Re7 24. h4 Ne6 25. e4 Rce8 26. Rad1 dxe4 27. Rxe4
Nf8 28. Rde1 Rxe4 29. Rxe4 Rxe4 30. Qxe4 Qd7 31. f4 h6 32. f5 Nh7 33. Bd4 Nf6
34. Qe5 Ne8 35. Be4 Bc4 36. g4 f6 37. Qc5 Bb5 38. Bc2 Nc7 39. Bb3+ Nd5 40. Kf2
h5 41. Bxd5+ cxd5 42. Qc2 Qd6 43. Kf3 Qxb4 44. Qc3 Qb1 45. Kg3 hxg4 46. h5 Qxf5
47. h6 Bd3 48. Kh4 Qf3 49. Qc8+ Kh7 50. Bxf6 Qxf6+ 51. Kxg4 Qxh6 0-1

[Event "Oebro CXU International 2023"]
[Site "Copenhagen"]
[Date "2023.07.27"]
[Round "6.4"]
[White "Carlsson, Ludvig"]
[Black "Ingebretsen, Jens E"]
[Result "1-0"]
[WhiteElo "2373"]
[BlackElo "2342"]
[PlyCount "83"]
[EventDate "2023.07.24"]
[EventType "swiss"]
[EventRounds "9"]
[EventCountry "DEN"]
[SourceTitle "Live v. Obro Skakforenin"]

1. d4 Nf6 2. Nf3 d5 3. c4 e6 4. Nc3 c5 5. cxd5 Nxd5 6. g3 Nxc3 7. bxc3 cxd4 8.
cxd4 Bb4+ 9. Bd2 Bxd2+ 10. Qxd2 b6 11. Bg2 Bb7 12. O-O O-O 13. Rfc1 Nd7 14. a4
a5 15. Qf4 Rc8 16. Rxc8 Qxc8 17. Rc1 Qb8 18. Qxb8 Rxb8 19. Rc7 Nf6 20. Ne5 Bxg2
21. Kxg2 Nd5 22. Rxf7 Nc3 23. Re7 Nxa4 24. Rxe6 b5 25. Nc6 Ra8 26. Re5 Nc3 27.
Rc5 b4 28. Nxa5 Nxe2 29. Nc6 b3 30. Rb5 Ra6 31. d5 Nc3 32. Ne7+ Kf7 33. Rxb3
Ne4 34. Nc6 Nf6 35. Ne5+ Ke7 36. Rb7+ Kd6 37. Nc4+ Kc5 38. Rc7+ Kd4 39. d6 Ra8
40. Nb6 Rb8 41. d7 Kd3 42. Nc8 1-0

[Event "Oebro CXU International 2023"]
[Site "Copenhagen"]
[Date "2023.07.27"]
[Round "6.5"]
[White "Baasansuren, Erdene"]
[Black "Hector, Jonny"]
[Result "1/2-1/2"]
[WhiteElo "2278"]
[BlackElo "2481"]
[PlyCount "80"]
[EventDate "2023.07.24"]
[EventType "swiss"]
[EventRounds "9"]
[EventCountry "DEN"]
[SourceTitle "Live v. Obro Skakforenin"]

1. d4 d5 2. c4 c6 3. Nf3 Nf6 4. Qc2 g6 5. cxd5 cxd5 6. Nc3 Bg7 7. Bf4 O-O 8. e3
Nc6 9. Be2 Bf5 10. Qb3 Na5 11. Qb4 Rc8 12. O-O Nh5 13. Be5 f6 14. Bc7 Qxc7 15.
Nxd5 Nc6 16. Qc4 b5 17. Qb3 Be6 18. Nxc7 Bxb3 19. axb3 Rxc7 20. g4 Nf4 21. exf4
f5 22. Rfc1 Rfc8 23. Bxb5 Nxd4 24. Rxc7 Nxf3+ 25. Kg2 Rxc7 26. Kxf3 Bxb2 27.
Ra2 fxg4+ 28. Kxg4 Bf6 29. Bc4+ Kg7 30. f5 h5+ 31. Kf4 g5+ 32. Ke4 Rc5 33. f4
a5 34. fxg5 Bxg5 35. Be6 h4 36. Kd4 Rb5 37. Ke4 Kf6 38. Kf3 Re5 39. Re2 Rxe2
40. Kxe2 Ke5 1/2-1/2

[Event "Oebro CXU International 2023"]
[Site "Copenhagen"]
[Date "2023.07.27"]
[Round "6.6"]
[White "Storme, Isak"]
[Black "Brynell, Stellan"]
[Result "0-1"]
[WhiteElo "2448"]
[BlackElo "2397"]
[PlyCount "68"]
[EventDate "2023.07.24"]
[EventType "swiss"]
[EventRounds "9"]
[EventCountry "DEN"]
[SourceTitle "Live v. Obro Skakforenin"]

1. d4 Nf6 2. c4 e6 3. Nf3 c5 4. d5 d6 5. Nc3 exd5 6. cxd5 g6 7. Nd2 Bg7 8. e4
O-O 9. Be2 Na6 10. O-O Nc7 11. a4 Re8 12. Qc2 b6 13. Nc4 Ba6 14. Bf4 Bxc4 15.
Bxc4 a6 16. Rab1 b5 17. axb5 axb5 18. Bxb5 Nxb5 19. Nxb5 Rxe4 20. Bg3 Bf8 21.
Rfd1 Qd7 22. Na3 Rae8 23. h3 Nh5 24. Bh2 f5 25. Nc4 f4 26. Nd2 Re2 27. Qc4 Qf5
28. Nf3 Rc2 29. Qa4 Ree2 30. Ne1 Rxb2 31. Rxb2 Rxb2 32. Nd3 Re2 33. Qc4 Re4 34.
Qa2 Rd4 0-1

[Event "Oebro CXU International 2023"]
[Site "Copenhagen"]
[Date "2023.07.27"]
[Round "6.7"]
[White "Hacker, Jonas"]
[Black "Hansen, Soren Bech"]
[Result "1-0"]
[WhiteElo "2406"]
[BlackElo "2208"]
[PlyCount "79"]
[EventDate "2023.07.24"]
[EventType "swiss"]
[EventRounds "9"]
[EventCountry "DEN"]
[SourceTitle "Live v. Obro Skakforenin"]

1. e4 c5 2. Nf3 Nc6 3. Bb5 g6 4. O-O Bg7 5. Bxc6 dxc6 6. h3 Nf6 7. Nc3 O-O 8.
Re1 Re8 9. e5 Nd5 10. Ne4 b6 11. d3 Nc7 12. Bd2 Be6 13. Qc1 Qd5 14. Bh6 Bh8 15.
Qf4 c4 16. dxc4 Qxc4 17. c3 Rad8 18. b3 Qd5 19. Qh4 Bf5 20. Ng3 Bc8 21. Bg5 Rd7
22. c4 Qd3 23. Re3 Qc2 24. Re2 Qc3 25. Rc1 Qb4 26. Bd2 Qa3 27. Ng5 h5 28. Nxh5
f6 29. Qe4 f5 30. Qxc6 e6 31. Nf6+ Bxf6 32. exf6 Rxd2 33. f7+ Kg7 34. fxe8=N+
Nxe8 35. Ree1 Bd7 36. Nxe6+ Kf6 37. Qf3 Qxa2 38. Qc3+ Ke7 39. Nd4+ Kd8 40. Ra1
1-0

[Event "Oebro CXU International 2023"]
[Site "Copenhagen"]
[Date "2023.07.27"]
[Round "6.8"]
[White "Andersen, Morten"]
[Black "Hagen, Andreas Skytte"]
[Result "1/2-1/2"]
[WhiteElo "2190"]
[BlackElo "2348"]
[PlyCount "97"]
[EventDate "2023.07.24"]
[EventType "swiss"]
[EventRounds "9"]
[EventCountry "DEN"]
[SourceTitle "Live v. Obro Skakforenin"]

1. c4 Nf6 2. g3 g6 3. Nc3 Bg7 4. Bg2 O-O 5. e4 d6 6. Nge2 c5 7. d3 Nc6 8. O-O
Rb8 9. h3 Ne8 10. Be3 Nc7 11. d4 b5 12. cxb5 Nxb5 13. dxc5 dxc5 14. Bxc5 Nxc3
15. bxc3 Qa5 16. Be3 Ne5 17. Bd4 Ba6 18. f4 Rb2 19. fxe5 Bxe2 20. Qc1 Bxf1 21.
Qxb2 Bxg2 22. Kxg2 Bxe5 23. Rf1 Qc7 24. Qf2 f6 25. Bxa7 Qxc3 26. Qe3 Ra8 27.
Rf2 Qxe3 28. Bxe3 Ra3 29. Re2 Kf7 30. g4 g5 31. Bf2 Kg6 32. Bc5 Rg3+ 33. Kf2
Rxh3 34. Bxe7 Rg3 35. a4 Rxg4 36. a5 f5 37. Bc5 Rxe4 38. Rxe4 fxe4 39. a6 Bb8
40. a7 Bxa7 41. Bxa7 Kf5 42. Kg3 h6 43. Bd4 Ke6 44. Kg4 Kd5 45. Bg7 Kc4 46.
Bxh6 e3 47. Bxg5 e2 48. Bh4 e1=Q 49. Bxe1 1/2-1/2

[Event "Oebro CXU International 2023"]
[Site "Copenhagen"]
[Date "2023.07.27"]
[Round "6.9"]
[White "Johansson, Thomas"]
[Black "Nielsen, Viktor Haarmark"]
[Result "0-1"]
[WhiteElo "2187"]
[BlackElo "2345"]
[PlyCount "61"]
[EventDate "2023.07.24"]
[EventType "swiss"]
[EventRounds "9"]
[EventCountry "DEN"]
[SourceTitle "Live v. Obro Skakforenin"]

1. e4 e5 2. Nc3 Nf6 3. Bc4 Nc6 4. d3 Na5 5. Qf3 Nxc4 6. dxc4 d6 7. h3 Be7 8.
Nge2 O-O 9. b3 Be6 10. Bb2 Nd7 11. g4 Bh4 12. Qg2 a6 13. O-O-O b5 14. cxb5 axb5
15. Nxb5 Rxa2 16. Kb1 Ra5 17. Nbc3 Qb8 18. g5 Qa7 19. b4 Ra6 20. f4 Ra8 21. Kc1
Bf2 22. Rd3 Be3+ 23. Kd1 exf4 24. Nb5 Qb6 25. g6 hxg6 26. Qg5 Ra1+ 27. Nc1 Bxc1
28. Bxc1 Ne5 29. Ra3 f6 30. Rxa8+ Rxa8 31. Ke1 0-1

[Event "Oebro CXU International 2023"]
[Site "Copenhagen"]
[Date "2023.07.27"]
[Round "6.10"]
[White "Westrum, Kim Roger Hansen"]
[Black "Loftgaard, Mikkel Vinh"]
[Result "1-0"]
[WhiteElo "2106"]
[BlackElo "2229"]
[PlyCount "71"]
[EventDate "2023.07.24"]
[EventType "swiss"]
[EventRounds "9"]
[EventCountry "DEN"]
[SourceTitle "Live v. Obro Skakforenin"]

1. e4 c5 2. Nf3 d6 3. d4 cxd4 4. Nxd4 Nf6 5. Nc3 a6 6. h4 e5 7. Nb3 Be6 8. Be2
Be7 9. f4 b5 10. g4 b4 11. Nd5 Bxd5 12. exd5 Ne4 13. g5 Qb6 14. Rf1 Ng3 15. Rf2
Ne4 16. Rf1 Ng3 17. Rf2 h6 18. fxe5 hxg5 19. Qd3 Nxe2 20. Qxe2 Rxh4 21. exd6
Rh1+ 22. Rf1 Rxf1+ 23. Kxf1 Qxd6 24. Bxg5 Kf8 25. Re1 f6 26. Qf3 Nd7 27. Bf4
Qb6 28. d6 Qb5+ 29. Kg2 Rc8 30. dxe7+ Ke8 31. Nd4 Qc5 32. Qe4 Qh5 33. Qf5 g5
34. Ne6 Kf7 35. Nd8+ Kg7 36. e8=Q 1-0

[Event "Oebro CXU International 2023"]
[Site "Copenhagen"]
[Date "2023.07.28"]
[Round "7.1"]
[White "Hamitevici, Vladimir"]
[Black "Sriram, Jha"]
[Result "1/2-1/2"]
[WhiteElo "2494"]
[BlackElo "2315"]
[PlyCount "73"]
[EventDate "2023.07.24"]
[EventType "swiss"]
[EventRounds "9"]
[EventCountry "DEN"]
[SourceTitle "Live v. Obro Skakforenin"]

1. e4 e5 2. Nc3 Nf6 3. Bc4 Nc6 4. d3 Na5 5. Qf3 c6 6. h3 Nxc4 7. dxc4 d6 8. Bg5
Be6 9. Bxf6 Qxf6 10. Qxf6 gxf6 11. b3 f5 12. exf5 Bxf5 13. O-O-O O-O-O 14. g4
Be6 15. Nge2 f5 16. gxf5 Bxf5 17. Ng3 Be6 18. Nge4 Be7 19. Rhg1 Bxh3 20. Ng5
Bxg5+ 21. Rxg5 Rhf8 22. Ne4 d5 23. cxd5 cxd5 24. Ng3 Rxf2 25. Rxe5 Bg2 26. Rd3
Rf3 27. Kd2 Rxd3+ 28. Kxd3 Rg8 29. Nf5 Be4+ 30. Kd4 Bxf5 31. Rxf5 Rg2 32. Rf8+
Kc7 33. Rf7+ Kc6 34. Rf6+ Kc7 35. Rf7+ Kb6 36. Rf6+ Kc7 37. Rf7+ 1/2-1/2

[Event "Oebro CXU International 2023"]
[Site "Copenhagen"]
[Date "2023.07.28"]
[Round "7.2"]
[White "Carlsson, Ludvig"]
[Black "Haubro, Martin"]
[Result "0-1"]
[WhiteElo "2373"]
[BlackElo "2386"]
[PlyCount "76"]
[EventDate "2023.07.24"]
[EventType "swiss"]
[EventRounds "9"]
[EventCountry "DEN"]
[SourceTitle "Live v. Obro Skakforenin"]

1. d4 Nf6 2. c4 e6 3. Nf3 d5 4. g3 Bb4+ 5. Bd2 Be7 6. Bg2 O-O 7. O-O c6 8. Qc2
Nbd7 9. a4 a5 10. Na3 Ne4 11. Be3 f5 12. Ne1 Bf6 13. Nd3 Qe7 14. Rac1 g5 15. f3
Nd6 16. c5 Nf7 17. f4 Kh8 18. Kh1 gxf4 19. gxf4 Bg7 20. Nb1 Nf6 21. Nd2 Nh6 22.
Nf3 Nhg4 23. Bg1 Ne4 24. Nde5 Nxe5 25. Nxe5 Bd7 26. Rf3 Rg8 27. Be3 Bf6 28. Rh3
Rg7 29. Rg1 Rag8 30. Qd1 Bxe5 31. fxe5 f4 32. Bxe4 dxe4 33. Bf2 e3 34. Rxg7
Qxg7 35. Bg3 fxg3 36. Rxg3 Qh6 37. Rxg8+ Kxg8 38. Qg1+ Kf8 0-1

[Event "Oebro CXU International 2023"]
[Site "Copenhagen"]
[Date "2023.07.28"]
[Round "7.3"]
[White "Holm, Kristian Stuvik"]
[Black "Baasansuren, Erdene"]
[Result "1/2-1/2"]
[WhiteElo "2480"]
[BlackElo "2278"]
[PlyCount "67"]
[EventDate "2023.07.24"]
[EventType "swiss"]
[EventRounds "9"]
[EventCountry "DEN"]
[SourceTitle "Live v. Obro Skakforenin"]

1. c4 e6 2. g3 d5 3. Bg2 Nf6 4. Nf3 dxc4 5. Qa4+ Bd7 6. Qxc4 c5 7. Ne5 Qc8 8.
Qd3 Nc6 9. Nxd7 Nxd7 10. Nc3 Be7 11. O-O O-O 12. Qb5 a6 13. Qa4 Nd4 14. d3 Nb6
15. Qd1 Rd8 16. b3 Qd7 17. Ba3 Nb5 18. Bb2 Nxc3 19. Bxc3 Nd5 20. Bb2 Bf6 21.
Qd2 Bd4 22. Rac1 Rac8 23. Rfd1 h6 24. Bf3 b6 25. Rc4 Bxb2 26. Qxb2 Qe7 27. Rdc1
Rc7 28. d4 Rdc8 29. Qa3 a5 30. dxc5 Rxc5 31. Rxc5 Rxc5 32. Rxc5 Qxc5 33. Qxc5
bxc5 34. Kf1 1/2-1/2

[Event "Oebro CXU International 2023"]
[Site "Copenhagen"]
[Date "2023.07.28"]
[Round "7.4"]
[White "Brynell, Stellan"]
[Black "Chatalbashev, Boris"]
[Result "1-0"]
[WhiteElo "2397"]
[BlackElo "2493"]
[PlyCount "127"]
[EventDate "2023.07.24"]
[EventType "swiss"]
[EventRounds "9"]
[EventCountry "DEN"]
[SourceTitle "Live v. Obro Skakforenin"]

1. d4 Nf6 2. Nf3 g6 3. c4 Bg7 4. Nc3 O-O 5. Bg5 c5 6. d5 h6 7. Bh4 d6 8. e3 a6
9. a4 g5 10. Bg3 Nh5 11. Bd3 Nxg3 12. hxg3 e6 13. Nd2 f5 14. Qc2 Qf6 15. dxe6
Bxe6 16. Nd5 Bxd5 17. cxd5 Nd7 18. O-O Rab8 19. Ra2 b5 20. axb5 axb5 21. b3 Kh8
22. Ra7 Nb6 23. e4 fxe4 24. Bxe4 g4 25. Qd1 Rf7 26. Rxf7 Qxf7 27. Qxg4 Nxd5 28.
Nf3 Nf6 29. Qf4 Rf8 30. Bc2 Ne8 31. Qe4 Bf6 32. Rd1 Qe7 33. Qd3 b4 34. Qd5 Qf7
35. Qd3 Bc3 36. Nh4 Kg8 37. Nf5 Kh8 38. Qe3 Qf6 39. Qxh6+ Qxh6 40. Nxh6 Be5 41.
Nf5 c4 42. Ne7 cxb3 43. Bxb3 Kg7 44. f4 Bc3 45. Kf2 Nf6 46. Kf3 Ra8 47. Nf5+
Kf8 48. Nxd6 Nd7 49. Ne4 Nf6 50. Nxf6 Bxf6 51. g4 Bc3 52. g5 Ra3 53. Rb1 Kg7
54. Kg4 Bd2 55. f5 Ra8 56. f6+ Kg6 57. Bc2+ Kf7 58. Bb3+ Kg6 59. Bc2+ Kf7 60.
Rh1 Ke6 61. Bb3+ Ke5 62. Rf1 Rd8 63. Rf5+ Ke4 64. Rd5 1-0